| 000 | 00987nam a2200301 i 4500 | ||
|---|---|---|---|
| 003 | EG-GICUC | ||
| 005 | 20260415114110.0 | ||
| 008 | 260415s1959 fr ad||fr|||| 00| 0 fre d | ||
| 040 |
_aEG-GiCUC _bfre _cEG-GiCUC _dEG-GiCUC _eRda |
||
| 041 | 0 | _afre | |
| 082 | 0 | 4 |
_221 _a343.5 _bMA . G |
| 092 | 0 | 4 | _221 |
| 099 | _aLaw1 10 343.5 MA . G 1959 | ||
| 100 | 1 |
_a Ancel, Marc. _eAuteur |
|
| 245 | 1 | 4 |
_aIntroduction AU Droit Criminel De L'angleterre / _cOuvrage Publié Sous La Direction De Marc Ancel Et De L. Radzinowicz. |
| 264 | 1 |
_aParis : _bLes Éditions de l'Épargne, _c1959. |
|
| 300 |
_a306page ; _c 24 cm. |
||
| 336 |
_2rda contenu _a texte |
||
| 337 |
_2rda medias _aOrdinateur |
||
| 338 |
_2 transporteur rda _a Ressource en ligne |
||
| 546 | _aTexte en français | ||
| 650 | 1 |
_aDroit pénal _2qrmak |
|
| 651 | 1 | _2qrmak | |
| 700 | 1 |
_aRadzinowicz, L. _eCo-Auteur |
|
| 856 | 4 | 0 | _uhttps://fll.law.cu.edu.eg/fulltext/bks/B10-09540.pdf |
| 905 | _a167 | ||
| 942 |
_2ddc _cBK _e21 _n0 |
||
| 999 |
_c71036 _d71036 |
||